Les 20 villes les plus peuplées de la Haute-Savoie (74) - Statistiques

Statistiques générales
  • Ce quiz a été pris 142 fois
  • Le résultat moyen est 9 sur 20
Statistiques - réponses
HINT HINT ANSWER % Correct
131 272 A Annecy
100%
37 595 A Annemasse
92%
37 689 T Thonon-les-Bains
82%
17 366 C Cluses
79%
17 041 S Sallanches
77%
13 320 B Bonneville
73%
16 082 R Rumilly
67%
15 925 S Saint-Julien-en-Genevois
59%
9 224 É Évian-les-Bains
56%
11 239 L La Roche-sur-Foron
53%
11 054 G Gaillard
39%
8 673 C Chamonix-Mont-Blanc
36%
10 852 P Passy
35%
9 074 S Scionzier
31%
9 196 V Ville-la-Grand
21%
10 412 V Vétraz-Monthoux
15%
9 032 P Poisy
12%
8 112 R Reignier-Ésery
9%
8 642 E Epagny Metz-Tessy
8%
9 812 F Fillière
7%
Aucun quiz correspondant
Distribution des résultats
% des personnes avec chaque résultat
Percentile par nombre de réponses
Votre historique - résultats
Vous n’avez pas pris ce quiz